Ante la adversidad : la elección conjunta /
Збережено в:
| Автор: | |
|---|---|
| Формат: | Електронний ресурс eКнига |
| Мова: | Іспанська |
| Опубліковано: |
Bogotá, Colombia :
Editorial Aula de Humanidades,
2025.
|
| Редагування: | Primera edición. |
| Серія: | Colección Ciencias sociales (Editorial Aula de Humanidades). Serie Ética y sociedad.
|
| Предмети: | |
| Онлайн доступ: | Digitalia Hispánica |
| Теги: |
Додати тег
Немає тегів, Будьте першим, хто поставить тег для цього запису!
|
MARC
| LEADER | 00000nam a2200000Ii 4500 | ||
|---|---|---|---|
| 001 | DIGAUHUM0077 | ||
| 003 | NyNyDIG | ||
| 006 | m o d | ||
| 007 | cr ||||||||||| | ||
| 008 | 260205s2025 ck ob 001 0 spa d | ||
| 035 | |a (OCoLC)1573182625 | ||
| 040 | |a DGITA |b eng |e rda |e pn |c DGITA | ||
| 020 | |a 9786287777293 |q (versión digital) | ||
| 020 | |z 9786287777286 |q (versión impresa) | ||
| 043 | |a s-ck--- | ||
| 050 | 1 | 4 | |a F2279 ebook |
| 100 | 1 | |a Arévalo Páez, Rodrigo, |e author. | |
| 245 | 1 | 0 | |a Ante la adversidad : |b la elección conjunta / |c Rodrigo Arévalo Páez. |
| 250 | |a Primera edición. | ||
| 264 | 1 | |a Bogotá, Colombia : |b Editorial Aula de Humanidades, |c 2025. | |
| 300 | |a 1 online resource. | ||
| 336 | |a text |b txt |2 rdacontent | ||
| 337 | |a computer |b c |2 rdamedia | ||
| 338 | |a online resource |b cr |2 rdacarrier | ||
| 347 | |a text file |2 rdaft | ||
| 347 | |b PDF | ||
| 490 | 1 | |a Colección: Ciencias sociales. Serie: Ética y sociedad | |
| 504 | |a Includes bibliographical references and indexes. | ||
| 588 | 0 | |a Online resource; title from PDF title page (Digitalia, viewed February 5, 2026) | |
| 650 | 0 | |a Political violence |x Social aspects |z Colombia. | |
| 650 | 0 | |a War and society |z Colombia. | |
| 600 | 1 | 0 | |a Simondon, Gilbert. |
| 791 | 2 | |a Digitalia (Firm), |e distributor. | |
| 793 | 0 | |g Digitalia eBook Collection: |a Editorial Aula de Humanidades | |
| 776 | 0 | 8 | |i Print version: |a Arévalo Páez, Rodrigo. |t Ante la adversidad. |b Primera edición. |d Bogotá, Colombia : Editorial Aula de Humanidades, 2025 |z 9786287777286 |
| 830 | 0 | |a Colección Ciencias sociales (Editorial Aula de Humanidades). |p Serie Ética y sociedad. | |
| 856 | 4 | 0 | |3 Digitalia Hispánica |u https://digitalia.unach.elogim.com/a/180437/ |
| 910 | |a Premium collection: 2026 | ||